| 000 | 01075cam a2200301 a 4500 | ||
|---|---|---|---|
| 001 | 1866 | ||
| 005 | 20231006100713.0 | ||
| 020 | _a9780439726740 | ||
| 040 |
_aDLC _cDLC _dDLC _beng |
||
| 050 | 0 | 0 |
_aPZ7.7.W66 _bInt 2008 |
| 082 | 0 | 0 |
_a[Fic] _222 |
| 100 | 1 |
_aWood, Don _d1945- |
|
| 245 | 1 | 0 |
_aInto the volcano : _ba graphic novel / _cby Caldecott honor artist Don Wood. |
| 260 |
_aNew York : _bThe Blue Sky Press, _c2008. |
||
| 300 |
_a174 pages : _bcolor illustrations, maps ; _c23 cm |
||
| 505 | _aD | ||
| 520 | _aWhile their parents are away doing research, brothers Duffy and Sumo Pugg go with their cousin, Mister Come-and-Go, to Kokalaha Island, where they meet Aunt Lulu and become trapped in an erupting volcano. | ||
| 521 |
_a240
_bLexile |
||
| 521 |
_aD
_bRaz-Plus |
||
| 650 | 1 | _aGraphic novels. | |
| 650 | 1 |
_aVolcanoes _vFiction. |
|
| 650 | 1 |
_aAdventure and adventurers _vFiction. |
|
| 650 | 1 |
_aBrothers _vFiction. |
|
| 650 | 1 |
_aIslands _vFiction. |
|
| 655 | 0 | _aGraphic novels. | |
| 906 |
_a7 _bcbc _corignew _d1 _eecip _f20 _gy-gencatlg |
||
| 942 |
_2ddc _cBK _n0 |
||
| 999 |
_c1866 _d1866 |
||